| 000 | 00471nam a2200157Ia 4500 | ||
|---|---|---|---|
| 008 | 220216s9999 xx 000 0 und d | ||
| 100 | _aWood G A | ||
| 245 | 0 | _aEffect of electrolytes and process parameters on the electropolymerization of pyrrole onto carbon fibers | |
| 260 |
_bJournal of Applied Polymer Science _c1996 |
||
| 300 | _a519-528 | ||
| 650 | _aCarbon fibers | ||
| 650 | _aElectropolymerization | ||
| 650 | _aPyrrole | ||
| 700 | _aIroh J O | ||
| 942 | _cJS | ||
| 999 |
_c57812 _d57812 |
||